00377nam a22001337a 450000500170000000800410001704100120005808200140007010000120008424500650009626000320016130000240019365000260021720241014074235.0241014b |||||||| |||| 00| 0 eng d aEnglish a346.7 MES lEnglish aInsolvency Law and its operation in winding-up / cA Boraine aDurban: bLexisNexis,c2024 b67 pages ; c26 cm. aLegal practice bLaw